02392nam a2200277uu 4500001000800000005001700008007001000025008004100035035001200076040001300088041000800101080000700109100004300116245013500159260003500294300001800329520150300347650002801850650002801878650001701906700003801923700007201961856006102033502001202094526000802106145781020240605145642.0cr|||||||170119s2016 spa  a1457810 ccomduadb aspa aAA10aAriza Aristizabal, Stephanie4auteaut13aLa autoridad del maestro: una discusión pendiente en la formación de licenciados de la Facultad de la Universidad de Antioquia aMedellín :bAutor(a),c2016. a50 páginas.3 aNos ocupamos en esta investigación de analizar los discursos que sobre el ejercicio de la autoridad circulan en la formación de maestros de la Facultad de Educación de la Universidad de Antioquia. Para ello hicimos una revisión de los programas del espacio de formación Sujetos en el acto educativo desde el 2010 hasta el 2016-1 que dio cuenta de que es un tópico que se trabaja en este espacio con el título: “Ley, autoridad, y educación”. Además realizamos 10 entrevistas a estudiantes de distintas licenciaturas que lo hubieran cursado para conocer el lugar que tiene en la formación de maestros el tema de la autoridad; las referencias y sus apreciaciones acerca del ejercicio de la autoridad del maestro en la actualidad. Los participantes nos ofrecieron distintas concepciones de autoridad, de lo que no es y su lectura de la llamada crisis de autoridad. Los resultados de esta investigación se pueden enunciar así: es fundamental para la formación de maestros tratar el tema de la autoridad; para tres de los 10 participantes, en el espacio de sujetos se trabajaron referentes concretos acerca de la autoridad, para los 7 restantes las reflexiones acerca de la autoridad del maestro han tenido lugar en sus lecturas e intereses particulares y en otros espacios como el semillero de investigación adscrito al grupo de investigación Conversaciones entre Pedagogía y Psicoanálisis y en los seminarios de práctica. Aparece en las colecciones: Licenciatura aAutoridad (Educación) aFormación de docentes 7aPoder2embne10aGómez Zapata, Valeria4auteaut 0aPalacio Baena, Ángela InéscMagíster en Educación4thseths4 uhttps://bibliotecadigital.udea.edu.co/handle/10495/22506 b146c15 a148